[Event "86th BRA-ch 2019"]
[Site "Natal"]
[Date "2020.01.11"]
[Round "1.2"]
[White "Molina, Roberto Junio Brito"]
[Black "Jordao Barbosa, Marcio"]
[Result "1-0"]
[WhiteElo "2431"]
[BlackElo "2181"]
[Annotator "NA"]
[PlyCount "109"]
[EventDate "2020.01.05"]
[EventType "k.o."]
[EventCountry "BRA"]
[SourceTitle "playchess.com"]
[Source "ChessBase"]
[SourceQuality "1"]
[TimeControl "5400+30"]

1. Nf3 {[%emt 0:00:01]} Nf6 {[%emt 0:01:23]} 2. d4 {[%emt 0:00:11]} e6 {[%emt 0:00:22]} 3. c4 {[%emt 0:00:07]} d5 {[%emt 0:00:09]} 4. g3 {[%emt 0:00:06]} Be7 {[%emt 0:00:40]} 5. Bg2 {[%emt 0:00:07]} O-O {[%emt 0:00:12]} 6. O-O {[%emt 0:00:04]} dxc4 {[%emt 0:00:08]} 7. Qc2 {[%emt 0:00:13]} a6 {[%emt 0:01:11]} 8. a4 {[%emt 0:00:11]} Nc6 {[%emt 0:09:35]} 9. Qxc4 {[%emt 0:01:42]} Qd5 {[%emt 0:01:25]} 10. Nbd2 {[%emt 0:13:17]} Rd8 {[%emt 0:05:46] E05: Open Catalan: 5 Nf3 Be7} 11. Qxd5 {[%emt 0:04:41]} exd5 {[%emt 0:04:05]} 12. Nb3 {[%emt 0:06:39]} Bf5 {[%emt 0:08:40]} 13. Bf4 {[%emt 0:00:59]} Ne8 $146 {[%emt 0:03:56]} ({Predecessor:} 13... Bd6 14. Rfc1 Ne4 15. Ne1 Bxf4 16. gxf4 Nf6 17. e3 Rdc8 18. Nc5 {1-0 (40) Burmakin,V (2545)-Ibadov,D (2294) St Petersburg 2016}) 14. Rac1 {[%emt 0:01:40]} Be4 {[%emt 0:16:41]} 15. Rfd1 {[%emt 0:02:49]} Nb4 {[%emt 0:04:19]} 16. Ne1 {[%emt 0:03:29]} Bxg2 {[%emt 0:01:30]} 17. Kxg2 {[%emt 0:00:08]} c6 {[%emt 0:01:19]} 18. Nc5 {[%emt 0:05:42]} Bxc5 {[%emt 0:12:09]} 19. Rxc5 {[%emt 0:07:26]} a5 $1 {[%emt 0:04:43]} 20. b3 {[%emt 0:00:56]} Nd6 {[%emt 0:02:02]} 21. f3 {[%emt 0:00:40]} Na6 $11 {[%emt 0:01:04]} 22. Rcc1 {[%emt 0:01:06]} Nc7 {[%emt 0:00:48]} 23. g4 {[%emt 0:07:15]} Ne6 {[%emt 0:00:35]} 24. Bg3 {[%emt 0:00:09]} g6 {[%emt 0:04:04]} 25. e3 {[%emt 0:00:19]} f6 {[%emt 0:05:34]} 26. Nd3 {[%emt 0:00:29]} Nf7 {[%emt 0:00:37]} 27. Kf2 {[%emt 0:00:39]} Re8 {[%emt 0:00:25]} 28. Ne1 {[%emt 0:02:19]} Re7 {[%emt 0:00:24]} 29. Nc2 {[%emt 0:00:06]} Ng7 {[%emt 0:02:17]} 30. h3 {[%emt 0:03:16]} h5 {[%emt 0:00:52]} 31. Rh1 {[%emt 0:04:03]} f5 {[%emt 0:00:33]} 32. gxh5 {[%emt 0:01:20]} Nxh5 {[%emt 0:00:15]} 33. Rcg1 {[%emt 0:04:51]} Rae8 {[%emt 0:00:24]} 34. Be5 {[%emt 0:00:55]} Re6 {[%emt 0:05:57]} 35. f4 {[%emt 0:00:06]} Kh7 {[%emt 0:00:12]} 36. Ne1 {[%emt 0:00:29]} Nf6 {[%emt 0:00:41]} 37. Bxf6 {[%emt 0:00:16]} Rxf6 {[%emt 0:00:04]} 38. Nf3 {[%emt 0:00:10]} Nd6 {[%emt 0:00:24]} 39. h4 {[%emt 0:00:34]} Ne4+ {[%emt 0:00:43]} 40. Ke2 {[%emt 0:00:07]} Rh8 {[%emt 0:03:18]} 41. h5 {[%emt 0:00:27]} Kg7 {[%emt 0:00:25]} 42. Ne5 {[%emt 0:00:02]} Rh6 {[%emt 0:00:14]} 43. Ke1 {[%emt 0:00:51]} Re6 {[%emt 0:00:37]} 44. hxg6 {[%emt 0:00:11]} Rxh1 {[%emt 0:00:12]} 45. Rxh1 {[%emt 0:00:05]} Nf6 {[%emt 0:00:06]} 46. Ke2 {[%emt 0:00:22]} Re8 {[%emt 0:00:14]} 47. b4 {[%emt 0:01:07]} axb4 {[%emt 0:00:42]} 48. Rb1 {[%emt 0:00:01]} Ng4 {[%emt 0:00:19]} 49. Rxb4 {[%emt 0:00:22]} Nxe5 {[%emt 0:00:45]} 50. Rxb7+ {[%emt 0:00:20]} Kxg6 {[%emt 0:00:17]} 51. fxe5 {[%emt 0:00:31]} Ra8 {[%emt 0:00:15]} 52. Rb6 {[%emt 0:00:31]} Rxa4 {[%emt 0:00:18]} 53. Rxc6+ {[%emt 0:00:01]} Kg5 {[%emt 0:00:07]} 54. Kf3 {[%emt 0:01:01]} Ra3 {[%emt 0:00:16]} 55. Rc8 {[%emt 0:00:18]} 1-0

[Event "86th BRA-ch 2019"]
[Site "Natal"]
[Date "2020.01.11"]
[Round "1.2"]
[White "Macedo, Maximo Iack"]
[Black "Brito, Luismar"]
[Result "1-0"]
[WhiteElo "2324"]
[BlackElo "2227"]
[Annotator "ChessBase"]
[PlyCount "141"]
[EventDate "2020.01.05"]
[EventType "k.o."]
[EventCountry "BRA"]
[SourceTitle "playchess.com"]
[Source "ChessBase"]
[SourceQuality "1"]
[TimeControl "5400+30"]

1. d4 {[%emt 0:00:05]} Nf6 {[%emt 0:00:00]} 2. c4 {[%emt 0:00:25]} e6 {[%emt 0:00:00]} 3. Nc3 {[%emt 0:00:16]} Bb4 {[%emt 0:00:11]} 4. e3 {[%emt 0:01:01]} b6 {[%emt 0:01:27]} 5. Nge2 {[%emt 0:03:42]} Bb7 {[%emt 0:00:47]} 6. a3 {[%emt 0:00:11]} Bxc3+ {[%emt 0:01:29]} 7. Nxc3 {[%emt 0:00:44]} d6 {[%emt 0:00:34]} 8. Bd3 {[%emt 0:02:44]} e5 {[%emt 0:00:33]} 9. O-O {[%emt 0:01:57]} Nc6 {[%emt 0:00:43]} 10. d5 {[%emt 0:03:01]} Ne7 {[%emt 0:01:11]} 11. b4 {[%emt 0:03:57]} O-O {[%emt 0:01:26]} 12. Bb2 {[%emt 0:11:13]} Bc8 {[%emt 0:01:59]} 13. Qc2 {[%emt 0:00:54]} Ng6 {[%emt 0:01:19]} 14. f4 {[%emt 0:02:34]} Re8 {[%emt 0:03:02]} 15. f5 {[%emt 0:04:18]} Nf8 {[%emt 0:01:38]} 16. Rae1 {[%emt 0:07:13]} a5 {[%emt 0:02:37]} 17. e4 {[%emt 0:02:47]} Bd7 {[%emt 0:02:24]} 18. Bc1 {[%emt 0:02:32]} h6 {[%emt 0:01:10]} 19. Re3 {[%emt 0:08:56]} axb4 {[%emt 0:01:11]} 20. axb4 {[%emt 0:00:03]} Ra1 {[%emt 0:00:45]} 21. Na2 {[%emt 0:01:34]} Qa8 {[%emt 0:00:30]} 22. Re2 {[%emt 0:00:52]} Qa4 {[%emt 0:06:09]} 23. Qb2 {[%emt 0:01:38]} Rxc1 {[%emt 0:03:33]} 24. Rxc1 {[%emt 0:03:03]} Ra8 {[%emt 0:01:08]} 25. Nc3 {[%emt 0:00:44]} Qa7 {[%emt 0:00:38]} 26. Kh1 {[%emt 0:03:33]} b5 {[%emt 0:04:41]} 27. Nxb5 {[%emt 0:03:08]} Bxb5 {[%emt 0:01:12]} 28. cxb5 {[%emt 0:00:02]} N8d7 {[%emt 0:02:22]} 29. g3 {[%emt 0:01:08]} Kf8 {[%emt 0:01:16]} 30. Qc3 {[%emt 0:05:18]} Ne8 {[%emt 0:00:37]} 31. Kg2 {[%emt 0:00:21]} Ke7 {[%emt 0:00:56]} 32. Rcc2 {[%emt 0:01:38]} Nb6 {[%emt 0:00:53]} 33. Qd2 {[%emt 0:04:05]} Qa1 {[%emt 0:03:45]} 34. Qc3 {[%emt 0:02:26]} Qa7 {[%emt 0:01:49]} 35. g4 {[%emt 0:00:53]} Na4 {[%emt 0:00:38]} 36. Qa1 {[%emt 0:01:43]} Qb7 {[%emt 0:03:22]} 37. Ra2 {[%emt 0:02:05]} Nb6 {[%emt 0:00:05]} 38. Rxa8 {[%emt 0:00:52]} Nxa8 {[%emt 0:00:14]} 39. Ra2 {[%emt 0:01:02]} Nb6 {[%emt 0:00:08]} 40. Ra7 {[%emt 0:00:11]} Qb8 {[%emt 0:00:23]} 41. h4 {[%emt 0:01:55]} Kf8 {[%emt 0:01:00]} 42. Ra6 {[%emt 0:02:03]} Qb7 {[%emt 0:02:51]} 43. Kf3 {[%emt 0:05:31]} Qb8 {[%emt 0:02:38]} 44. g5 {[%emt 0:00:52]} Qd8 {[%emt 0:01:14]} 45. Qg1 {[%emt 0:02:46]} hxg5 {[%emt 0:02:13]} 46. hxg5 {[%emt 0:00:04]} Kg8 {[%emt 0:01:49]} 47. Ra2 {[%emt 0:00:20]} Kf8 {[%emt 0:00:44]} 48. Rh2 {[%emt 0:01:05]} Nd7 {[%emt 0:04:12]} 49. Rh8+ {[%emt 0:00:25]} Ke7 {[%emt 0:00:07]} 50. g6 {[%emt 0:01:10]} Ndf6 {[%emt 0:03:58]} 51. gxf7 {[%emt 0:00:11]} Kxf7 {[%emt 0:00:15]} 52. Qa7 {[%emt 0:01:19]} Nd7 {[%emt 0:00:36]} 53. b6 {[%emt 0:00:31]} Nxb6 {[%emt 0:02:31]} 54. Bb5 {[%emt 0:00:03]} Nd7 {[%emt 0:00:28]} 55. Ke2 {[%emt 0:01:28]} Qe7 {[%emt 0:01:55]} 56. Qg1 {[%emt 0:00:39]} Nf8 {[%emt 0:00:43]} 57. Bc6 {[%emt 0:01:04]} Nf6 {[%emt 0:00:54]} 58. Kd3 {[%emt 0:00:22]} N6h7 {[%emt 0:00:20]} 59. Qg4 {[%emt 0:00:31]} Nf6 {[%emt 0:01:43]} 60. Qe2 {[%emt 0:02:52]} Qd8 {[%emt 0:00:35]} 61. Qa2 {[%emt 0:00:00]} N6h7 {[%emt 0:01:08]} 62. Qg2 {[%emt 0:00:00]} Qh4 {[%emt 0:00:47]} 63. Bd7 {[%emt 0:00:00]} Qh6 {[%emt 0:03:53]} 64. Be6+ {[%emt 0:00:03]} Kf6 {[%emt 0:00:26]} 65. Kc4 {[%emt 0:00:28]} Qe3 {[%emt 0:01:17]} 66. Qc2 {[%emt 0:00:50]} Qg1 {[%emt 0:04:17]} 67. Kb3 {[%emt 0:00:27]} Qb6 {[%emt 0:02:16]} 68. Qc3 {[%emt 0:00:35]} Qa7 {[%emt 0:00:39]} 69. Qg3 {[%emt 0:00:20]} g6 {[%emt 0:07:43]} 70. Qh4+ {[%emt 0:00:12]} g5 {[%emt 0:01:11]} 71. Qh6+ {[%emt 0:00:08]} 1-0

[Event "86th BRA-ch 2019"]
[Site "Natal"]
[Date "2020.01.11"]
[Round "1.2"]
[White "Zallio, Luciano de Souza"]
[Black "Martins, Vinicius Tine"]
[Result "1-0"]
[WhiteElo "2245"]
[BlackElo "2309"]
[Annotator "NA"]
[PlyCount "112"]
[EventDate "2020.01.05"]
[EventType "k.o."]
[EventCountry "BRA"]
[SourceTitle "playchess.com"]
[Source "ChessBase"]
[SourceQuality "1"]
[TimeControl "5400+30"]

1. d4 {[%emt 0:07:26]} d5 {[%emt 0:00:00]} 2. Bg5 {[%emt 0:01:44]} h6 {[%emt 0:00:20]} 3. Bh4 {[%emt 0:00:32]} c6 {[%emt 0:00:14]} 4. c3 {[%emt 0:00:48]} Bf5 {[%emt 0:01:38]} 5. Nd2 {[%emt 0:00:43]} Nd7 {[%emt 0:01:14]} 6. e3 {[%emt 0:00:55]} Ngf6 {[%emt 0:01:03]} 7. Be2 {[%emt 0:00:41]} e6 {[%emt 0:07:18]} 8. f4 {[%emt 0:01:28]} Be7 {[%emt 0:02:09]} 9. Ngf3 {[%emt 0:06:08]} g5 {[%emt 0:36:49]} 10. fxg5 {[%emt 0:04:43]} Ne4 $11 {[%emt 0:03:12]} (10... Ng4 $15 11. Nf1 hxg5) 11. Nxe4 {[%emt 0:04:06]} dxe4 {[%emt 0:09:11]} 12. Nd2 {[%emt 0:00:56]} Bxg5 {[%emt 0:05:01]} 13. Bf2 {[%emt 0:00:12]} Bh4 {[%emt 0:02:54]} 14. O-O {[%emt 0:02:47]} Bxf2+ {[%emt 0:00:25]} 15. Rxf2 {[%emt 0:00:03]} Nf6 {[%emt 0:09:09]} 16. Qb3 {[%emt 0:04:57]} Qe7 {[%emt 0:00:45]} 17. Raf1 {[%emt 0:03:39]} O-O-O {[%emt 0:01:29]} 18. Kh1 {[%emt 0:00:34]} h5 {[%emt 0:00:34]} 19. c4 {[%emt 0:01:37]} Ng4 {[%emt 0:07:48]} 20. Bxg4 {[%emt 0:03:23]} hxg4 {[%emt 0:00:02]} 21. g3 {[%emt 0:00:27]} Bg6 {[%emt 0:04:20]} 22. Qc3 {[%emt 0:05:00]} Kb8 {[%emt 0:03:08]} 23. c5 {[%emt 0:04:12]} e5 {[%emt 0:00:28]} 24. Nc4 {[%emt 0:03:42]} exd4 {[%emt 0:00:19]} 25. exd4 {[%emt 0:00:08]} e3 {[%emt 0:00:35]} 26. Nxe3 {[%emt 0:06:12]} Qe4+ {[%emt 0:01:45]} 27. Kg1 {[%emt 0:00:05]} Qxd4 {[%emt 0:00:35]} 28. Qxd4 {[%emt 0:00:19]} Rxd4 {[%emt 0:00:01]} 29. Rf4 {[%emt 0:00:09]} Rd2 {[%emt 0:01:06]} 30. R1f2 {[%emt 0:02:20]} Rxf2 {[%emt 0:00:42]} 31. Rxf2 {[%emt 0:00:47]} Rh5 {[%emt 0:00:23]} 32. b4 {[%emt 0:00:35]} a5 {[%emt 0:00:14]} 33. a3 {[%emt 0:00:13]} axb4 {[%emt 0:00:01]} 34. axb4 {[%emt 0:00:01]} Re5 {[%emt 0:01:17]} 35. Nxg4 {[%emt 0:03:47]} Re4 {[%emt 0:00:39]} 36. Rf4 {[%emt 0:00:08]} Re1+ {[%emt 0:00:02]} 37. Kf2 {[%emt 0:00:13]} Rb1 {[%emt 0:00:27]} 38. Ne5 {[%emt 0:00:26]} Rb2+ {[%emt 0:00:08]} 39. Kg1 {[%emt 0:00:51]} Ka7 {[%emt 0:01:06]} 40. Nxf7 {[%emt 0:03:51]} Bxf7 {[%emt 0:00:36]} 41. Rxf7 {[%emt 0:00:02]} Rxb4 {[%emt 0:00:09]} 42. h4 {[%emt 0:03:55]} Rc4 {[%emt 0:00:03]} 43. Rf5 {[%emt 0:00:13]} b5 {[%emt 0:00:09]} 44. cxb6+ {[%emt 0:00:44]} Kxb6 {[%emt 0:00:02]} 45. h5 {[%emt 0:00:21]} Rg4 {[%emt 0:00:12]} 46. Kf2 {[%emt 0:00:07]} Kc7 {[%emt 0:01:44]} 47. Kf3 {[%emt 0:02:10]} Rg8 {[%emt 0:00:03]} 48. g4 {[%emt 0:00:38]} Kd7 {[%emt 0:00:19]} 49. g5 {[%emt 0:00:29]} Ke6 {[%emt 0:00:18]} 50. Kf4 {[%emt 0:00:10]} c5 {[%emt 0:01:37]} 51. Rxc5 {[%emt 0:00:41]} Rf8+ {[%emt 0:00:03]} 52. Kg4 {[%emt 0:00:07]} Rf1 {[%emt 0:00:09]} 53. h6 {[%emt 0:00:07]} Rg1+ {[%emt 0:00:19]} 54. Kh5 {[%emt 0:00:07]} Kf7 {[%emt 0:01:19]} 55. Rc7+ {[%emt 0:00:12]} Ke6 {[%emt 0:00:04]} 56. Kg6 {[%emt 0:00:14]} Kd5 {[%emt 0:02:23]} 1-0

[Event "86th BRA-ch 2019"]
[Site "Natal"]
[Date "2020.01.11"]
[Round "1.2"]
[White "Rocha, Vitor Firmo de Souza"]
[Black "Labussiere, Victor"]
[Result "1-0"]
[WhiteElo "2200"]
[BlackElo "2363"]
[Annotator "ChessBase"]
[PlyCount "91"]
[EventDate "2020.01.05"]
[EventType "k.o."]
[EventCountry "BRA"]
[SourceTitle "playchess.com"]
[Source "ChessBase"]
[SourceQuality "1"]
[TimeControl "5400+30"]

1. e4 {[%emt 0:00:00]} c5 {[%emt 0:00:31]} 2. Nf3 {[%emt 0:00:18]} Nc6 {[%emt 0:01:29]} 3. d4 {[%emt 0:00:13]} cxd4 {[%emt 0:00:13]} 4. Nxd4 {[%emt 0:00:05]} Nf6 {[%emt 0:01:46]} 5. Nc3 {[%emt 0:00:11]} d6 {[%emt 0:00:30]} 6. Bg5 {[%emt 0:00:12]} e6 {[%emt 0:01:23]} 7. Qd2 {[%emt 0:01:27]} Qb6 {[%emt 0:03:07]} 8. Nb3 {[%emt 0:00:21]} Be7 {[%emt 0:01:05]} 9. O-O-O {[%emt 0:02:34]} O-O {[%emt 0:01:35]} 10. h4 {[%emt 0:07:21]} Rd8 {[%emt 0:07:57]} 11. f4 {[%emt 0:00:25]} a6 {[%emt 0:02:31]} 12. Bxf6 {[%emt 0:01:25]} Bxf6 {[%emt 0:01:04]} 13. g4 {[%emt 0:00:10]} Qc7 {[%emt 0:05:03]} 14. Rh3 {[%emt 0:00:32]} b5 {[%emt 0:01:53]} 15. g5 {[%emt 0:00:30]} Be7 {[%emt 0:01:53]} 16. a3 {[%emt 0:03:47]} b4 {[%emt 0:04:01]} 17. axb4 {[%emt 0:00:12]} Nxb4 {[%emt 0:00:04]} 18. h5 {[%emt 0:01:56]} a5 {[%emt 0:21:44]} 19. Nb5 {[%emt 0:00:57]} Qb6 {[%emt 0:01:03]} 20. Kb1 {[%emt 0:04:55]} Ba6 {[%emt 0:08:05]} 21. N3d4 {[%emt 0:01:14]} Rdc8 {[%emt 0:08:43]} 22. c4 {[%emt 0:02:46]} Nc6 {[%emt 0:04:29]} 23. Nc2 {[%emt 0:02:43]} d5 {[%emt 0:02:58]} 24. exd5 {[%emt 0:00:54]} exd5 {[%emt 0:00:04]} 25. cxd5 {[%emt 0:04:31]} Bxb5 {[%emt 0:00:34]} 26. Bxb5 {[%emt 0:00:24]} Qxb5 {[%emt 0:00:04]} 27. dxc6 {[%emt 0:00:30]} Qxc6 {[%emt 0:02:33]} 28. Rc3 {[%emt 0:03:52]} Qb6 {[%emt 0:01:18]} 29. Rd3 {[%emt 0:03:38]} a4 {[%emt 0:02:00]} 30. Na3 {[%emt 0:01:22]} Rab8 {[%emt 0:00:57]} 31. Rc1 {[%emt 0:01:10]} Rxc1+ {[%emt 0:00:35]} 32. Qxc1 {[%emt 0:00:06]} Qa6 {[%emt 0:08:35]} 33. Qd1 {[%emt 0:03:08]} Qb7 {[%emt 0:01:34]} 34. Qe2 {[%emt 0:00:57]} Bxa3 {[%emt 0:02:48]} 35. Rxa3 {[%emt 0:00:10]} Qh1+ {[%emt 0:00:04]} 36. Kc2 {[%emt 0:01:19]} Qd5 {[%emt 0:01:33]} 37. Rd3 {[%emt 0:10:55]} Qc4+ {[%emt 0:00:51]} 38. Kb1 {[%emt 0:01:09]} Qxf4 {[%emt 0:00:05]} 39. g6 {[%emt 0:00:22]} hxg6 {[%emt 0:00:47]} 40. hxg6 {[%emt 0:00:06]} fxg6 {[%emt 0:00:51]} 41. Rf3 {[%emt 0:00:37]} Qg5 {[%emt 0:01:37]} 42. Qe6+ {[%emt 0:00:09]} Kh7 {[%emt 0:00:17]} 43. Rh3+ {[%emt 0:00:05]} Qh5 {[%emt 0:00:31]} 44. Rxh5+ {[%emt 0:00:09]} gxh5 {[%emt 0:00:05]} 45. Qf5+ {[%emt 0:00:05]} Kh6 {[%emt 0:00:30]} 46. Qf4+ {[%emt 0:00:30]} 1-0

[Event "86th BRA-ch 2019"]
[Site "Natal"]
[Date "2020.01.11"]
[Round "1.2"]
[White "De Oliveira, Victor Gabriel C."]
[Black "Fier, Alexandr"]
[Result "0-1"]
[WhiteElo "2146"]
[BlackElo "2528"]
[Annotator "TA"]
[PlyCount "104"]
[EventDate "2020.01.05"]
[EventType "k.o."]
[EventCountry "BRA"]
[SourceTitle "playchess.com"]
[Source "ChessBase"]
[SourceQuality "1"]

{[%evp 16,104,0,-3,0,-2,0,-6,18,5,15,16,11,-12,18,-16,0,-34,0,-37,-35,-45,-39,-50,-50,-41,-25,-50,-7,-47,-46,-47,-12,-31,-29,-47,-8,-8,0,0,-6,-17,-13,-48,0,-54,-37,-83,-35,-62,-45,-170,-145,-209,-123,-338,-100,-167,-54,-142,-136,-389,-112,-348,-137,-139,-147,-135,0,0,0,-66,-46,-66,-66,-66,-43,-89,-43,-117,-117,-115,-109,-418,-393,-567,-487,-550,-543,-449,-338]} 1. e4 c5 2. Nf3 e6 3. d4 cxd4 4. Nxd4 Nf6 5. Nc3 Nc6 6. Nxc6 bxc6 7. Bd3 d5 8. O-O Be7 9. Qe2 O-O {B40: Sicilian: 2...e6, Unusual lines} 10. Bf4 (10. b3 Bb7 11. Bb2 c5 12. Rad1 Qc7 13. Nb5 Qb6 14. e5 Nd7 15. c4 d4 16. f4 g6 17. Be4 Bxe4 18. Qxe4 {1-0 (61) Pichot,A (2544)-Tregubov,P (2585) Doha 2016}) 10... a5 11. b3 Nd7 $146 {The position is equal.} ({Predecessor:} 11... Bb7 12. e5 Nd7 13. Na4 Nb6 14. Nxb6 Qxb6 15. Qh5 g6 16. Qe2 Ba6 17. c4 {0-1 (43) Berend,E (2303)-Ushenina,A (2416) Riadh 2017}) 12. Na4 Nb6 13. Nxb6 Qxb6 14. c4 Bb7 15. Rab1 Rfe8 16. Qc2 h6 17. Be3 d4 18. Bd2 Bb4 19. f4 Bxd2 20. Qxd2 e5 21. f5 Qb4 22. Qe2 f6 23. Rf3 Re7 24. g4 c5 25. h4 Kf8 26. g5 hxg5 ({Don't go for} 26... fxg5 $2 27. hxg5 Kg8 28. f6 $18) 27. hxg5 Ke8 28. Rh3 Kd7 29. Rh7 Rf8 30. Kh2 (30. Qb2 $11) 30... Bc6 $15 31. Rg1 Qc3 32. Rg3 Qc1 33. Qh5 (33. Rg1 $15 Qc3 34. Bc2) 33... Qd2+ $1 $19 34. Kh3 (34. Kg1 $17) 34... Qe1 ({Better is} 34... Qxa2 $19 35. Qd1 Rb8) 35. Qf3 $2 (35. Kh2 $17 {was worth a try.}) 35... Kd6 $2 (35... fxg5 $1 $19 {Threatens to win with ...g6!} 36. Rxg5 g6 $1 {[%mdl 512]}) 36. Qg2 {[#]} (36. Kh2 $17) 36... Qd1 (36... g6 $1 $19 {[%mdl 512]} 37. fxg6 fxg5 38. Rxe7 Kxe7) 37. Qf3 (37. Kh2 $15) 37... Qc1 $1 $17 38. Qg2 $2 {[%mdl 8192] [#]} (38. Kh2 $17 {is a better defense.}) 38... a4 $2 (38... g6 $1 $19 {[%mdl 512] and Black stays clearly on top.} 39. Rh4 (39. fxg6 $2 Rxh7+ 40. gxh7 Rh8 $19) 39... gxf5) 39. bxa4 $2 {[#]} (39. Qg1 $17 Qf4 40. Rh4) 39... Bxa4 $2 (39... g6 $1 $19 40. Rh6 (40. fxg6 $2 Rxh7+ 41. gxh7 Rh8 $19) 40... gxf5) 40. gxf6 gxf6 41. Rgg7 {[#]} Qe3+ $40 {[%mdl 128] Black has some attack.} ({Black should play} 41... Rfe8 $1 $17 {aiming for ...Qe3+.} 42. Qg6 Qh1+ 43. Kg3 Qg1+ 44. Kh3 Qxg6 45. fxg6 Rxg7 46. Rxg7 Rh8+ 47. Kg4 Bd7+ 48. Kf3 Rh3+ 49. Ke2 Rh2+ 50. Kf3 Rh3+ 51. Kf2 Rh2+ 52. Kf3 Rh3+) 42. Kh2 $11 Rfe8 43. Rxe7 (43. Qg6 $11 Qf2+ 44. Kh1) 43... Rxe7 $15 44. Rxe7 Qh6+ 45. Qh3 Qf4+ 46. Kg1 Qg5+ 47. Kf2 (47. Qg2 $15 Qxg2+ 48. Kxg2 Kxe7 49. Kf2) 47... Kxe7 $17 48. Qh7+ Kd8 49. Qh3 $2 {[%mdl 8192]} (49. Qf7 $17 {is a better chance.}) 49... Kc7 $19 50. Qf3 (50. Qh7+ {was called for.} Bd7 51. Qh3) 50... Qc1 {Black is clearly winning.} 51. Qg3 Kb6 52. Be2 Ka5 {Played: Qc1-d2} 0-1

[Event "86th BRA-ch 2019"]
[Site "Natal"]
[Date "2020.01.11"]
[Round "1.3"]
[White "Macedo, Maximo Iack"]
[Black "Brito, Luismar"]
[Result "1-0"]
[WhiteElo "2324"]
[BlackElo "2227"]
[Annotator "ChessBase"]
[PlyCount "87"]
[EventDate "2020.01.05"]
[EventType "k.o."]
[EventCountry "BRA"]
[SourceTitle "playchess.com"]
[Source "ChessBase"]
[SourceQuality "1"]
[TimeControl "1500+10"]

1. d4 {[%emt 0:00:00]} b6 {[%emt 0:00:00]} 2. e4 {[%emt 0:00:00]} Bb7 {[%emt 0:00:01]} 3. Bd3 {[%emt 0:00:02]} Nf6 {[%emt 0:00:02]} 4. Qe2 {[%emt 0:00:08]} Nc6 {[%emt 0:00:01]} 5. c3 {[%emt 0:00:15]} e5 {[%emt 0:00:01]} 6. d5 {[%emt 0:00:48]} Ne7 {[%emt 0:00:06]} 7. f3 {[%emt 0:03:37]} Ng6 {[%emt 0:00:16]} 8. g3 {[%emt 0:00:22]} c6 {[%emt 0:00:30]} 9. c4 {[%emt 0:00:15]} Bc5 {[%emt 0:00:10]} 10. Nc3 {[%emt 0:00:20]} Bd4 {[%emt 0:00:05]} 11. f4 {[%emt 0:00:41]} Qc7 {[%emt 0:02:55]} 12. Nf3 {[%emt 0:00:36]} Bxc3+ {[%emt 0:00:26]} 13. bxc3 {[%emt 0:00:02]} exf4 {[%emt 0:00:59]} 14. d6 {[%emt 0:00:28]} Qd8 {[%emt 0:01:38]} 15. e5 {[%emt 0:00:28]} O-O {[%emt 0:00:03]} 16. O-O {[%emt 0:02:42]} fxg3 {[%emt 0:00:06]} 17. exf6 {[%emt 0:00:51]} Qxf6 {[%emt 0:00:31]} 18. c5 {[%emt 0:03:57]} Rae8 {[%emt 0:00:59]} 19. Qb2 {[%emt 0:01:25]} Nf4 {[%emt 0:00:47]} 20. Bxf4 {[%emt 0:02:29]} Qxf4 {[%emt 0:00:01]} 21. Rad1 {[%emt 0:00:49]} Re3 {[%emt 0:01:07]} 22. hxg3 {[%emt 0:00:26]} Qg4 {[%emt 0:00:45]} 23. Qf2 {[%emt 0:00:20]} Rfe8 {[%emt 0:00:57]} 24. Rde1 {[%emt 0:00:08]} Rxe1 {[%emt 0:01:04]} 25. Rxe1 {[%emt 0:00:02]} Rxe1+ {[%emt 0:00:41]} 26. Qxe1 {[%emt 0:00:12]} g6 {[%emt 0:00:24]} 27. Qe8+ {[%emt 0:00:18]} Kg7 {[%emt 0:00:01]} 28. Qe5+ {[%emt 0:00:36]} Kg8 {[%emt 0:00:08]} 29. Ng5 {[%emt 0:00:37]} Qd1+ {[%emt 0:00:39]} 30. Bf1 {[%emt 0:00:26]} Qd5 {[%emt 0:00:16]} 31. Qxd5 cxd5 {[%emt 0:00:01]} 32. cxb6 {[%emt 0:00:15]} axb6 {[%emt 0:00:02]} 33. Bb5 {[%emt 0:00:07]} Bc8 {[%emt 0:00:12]} 34. Nh3 {[%emt 0:00:08]} f5 {[%emt 0:00:25]} 35. Nf4 {[%emt 0:00:02]} Kf7 {[%emt 0:00:08]} 36. Nxd5 {[%emt 0:00:02]} Ke6 {[%emt 0:00:10]} 37. Nxb6 {[%emt 0:00:03]} Bb7 {[%emt 0:00:01]} 38. Nxd7 {[%emt 0:00:19]} Kxd6 {[%emt 0:00:03]} 39. Nf8 {[%emt 0:00:05]} g5 {[%emt 0:01:29]} 40. Nxh7 {[%emt 0:00:07]} f4 {[%emt 0:00:05]} 41. Kf2 {[%emt 0:00:20]} fxg3+ {[%emt 0:00:20]} 42. Kxg3 {[%emt 0:00:01]} Kc5 {[%emt 0:00:00]} 43. Bd3 {[%emt 0:00:06]} Bd5 {[%emt 0:00:22]} 44. a3 {[%emt 0:00:04]} 1-0

[Event "86th BRA-ch 2019"]
[Site "Natal"]
[Date "2020.01.11"]
[Round "1.3"]
[White "Zallio, Luciano de Souza"]
[Black "Martins, Vinicius Tine"]
[Result "0-1"]
[WhiteElo "2245"]
[BlackElo "2309"]
[Annotator "TA"]
[PlyCount "81"]
[EventDate "2020.01.05"]
[EventType "k.o."]
[EventCountry "BRA"]
[SourceTitle "playchess.com"]
[Source "ChessBase"]
[SourceQuality "1"]

{[%evp 9,81,0,-7,-85,-73,-139,-85,-77,-84,-82,-82,-78,-62,-100,-4,-26,-7,-7,-11,-41,-8,-97,-104,-88,-89,-108,-97,-101,-84,-97,-61,-109,-105,-108,-101,-106,-80,-94,-95,-100,-102,-102,-95,-149,-149,-147,-140,-139,-102,-110,-102,-215,-175,-195,-184,-175,-175,-208,-204,-198,-198,-216,-210,-245,-247,-267,-249,-317,-184,-174,-166,-142,0,-83]} 1. d4 d5 2. Bg5 h6 3. Bh4 c6 4. c3 Bf5 5. Nd2 (5. Nf3 Nd7 6. e3 Ngf6 7. Bd3 Bxd3 8. Qxd3 e6 9. Nbd2 Be7 10. O-O O-O 11. c4 Re8 12. Rfd1 {½-½ (65) Le Roux,J (2607)-Sebag,M (2433) Orsay 2018}) 5... Nd7 6. f4 {D00: 1 d4 d5: Unusual lines} (6. Qb3 $11 {keeps the balance.}) 6... Ngf6 $17 7. h3 {[#]} (7. Ngf3 $142) 7... Qc7 (7... g5 $142 $1 {[%cal Rg5h4][%mdl 512]} 8. fxg5 hxg5) 8. e3 {[#]Black is better.} g5 $146 {[%mdl 512]} ({Predecessor:} 8... e6 9. Ngf3 Ne4 10. g4 Bh7 11. Nxe4 Bxe4 {1-0 (43) Gabriel,A (2090)-Galuska,J (2124) Czechia 2012}) 9. Bg3 (9. fxg5 hxg5) 9... g4 10. Ne2 e6 11. Bh2 Be7 (11... h5 $17 12. Ng3 Bg6) 12. Ng3 $11 h5 13. Nxf5 exf5 14. Bd3 gxh3 15. Bxf5 (15. gxh3 $11 Ne4 16. Qe2) 15... hxg2 $17 16. Rg1 {[#]} Ng4 $1 $36 {[%mdl 2560] ...Ndf6 is the strong threat. Black is in control.} 17. Bxg4 Bh4+ 18. Ke2 {Threatens to win with Bf5.} hxg4 19. Rxg2 Nf6 20. Kd3 Qd7 21. Kc2 Qf5+ 22. Kb3 O-O-O 23. Qc2 Ne4 24. Rag1 Be7 25. Nxe4 dxe4 {[%cal Rf5b5]} 26. Qe2 (26. a3 $142) 26... Qe6+ $1 ({But not} 26... Qa5 $6 27. Qxg4+ f5 28. Qe2 $14) 27. Kc2 {[#] f5 would now be nice for White.} f5 $1 ({Stronger than} 27... Qxa2 28. Qxg4+ Rd7 29. f5 $14) 28. Kb1 Rh3 29. Bg3 Rdh8 30. b4 (30. c4 $17 {was called for.}) 30... a6 31. Kb2 b5 32. a4 Kb7 33. Ra1 Bh4 34. Bxh4 R3xh4 35. Rd1 Qd5 36. c4 bxc4 ({Don't take} 36... Qxc4 37. Qxc4 bxc4 38. Kc3 $17) 37. Rc1 Rh3 38. Rc3 g3 (38... a5 $142 39. bxa5 g3 40. Rxc4 Rh2) 39. Rxc4 $19 Rh2 {( -> ...Rxg2)} 40. Rc2 R2h3 (40... Qd6 $17 41. Kc3 Rxg2 42. Qxg2 {[#]} a5 $1 {[%mdl 512]}) 41. Rc3 {Accuracy: White = 38%, Black = 66%.} (41. Rc5 $11 {remains equal.} Qf7 42. Ra5) 0-1